01027 a2200181 45000010006000000050017000060080041000230030015000640400040000790800092001192450094002112640096003053000019004015050295004200410008007151000023007238560099007464577520260407155729.0260407a2007 arg spa dAR-UNSa-BCEJYS aAR-UNSa-BCEJYSbspacAR-UNSa-BCEJYS a308xSociografía. Estudios descriptivos de la sociedad (cualitativos y cuantitativos)10aUn sistema de indicadores para el seguimiento de la cohesión social en América Latina 1aSantiago de Chile :bCEPAL (Comisión Económica para América Latina y el Caribe)c2007 a172 p.c23 cm. a1. Introducción – 2. Antecedentes generales – 3. Marco conceptual – 4. Distancias : dimensiones e indicadores – 5. Mecanismos institucionales de inclusión-exclusión : dimensiones e indicadores – 6. Sentido de pertenencia : dimensiones e indicadores – 7. Fichas técnicas. aspa1 aFeres, Juan Carlos41uhttps://www.biblioeco.unsa.edu.ar/pmb/images/libros/L127177.jpgyImagen de portadaqimage/jpeg